000 00271nam a22001217a 4500
008 171123b xxu||||| |||| 00| 0 eng d
041 _aeng
080 _a030
100 _a23
101 _aENC
245 _aWEBSTERS NEW WORLD ECYCLOPEDIA
_cTERRY.C
942 _2udc
_cBK
999 _c38305
_d38305